Tài liệu tuyên truyền về tuần lễ biển và hải đảo Việt Nam và ngày đại dương thế giới 8 tháng 6

Sách giới thiệu về Lịch sử, ý nghĩa của ngày đại dương thế giới và tuần lễ biển, hải đảo Việt nam cùng với các hoạt động và ý nghĩa các hoạt động đó. Bên cạnh đó sách còn giới thiệu về các hoạt động của ngành giáo dục và đào tạo hu...

Ausführliche Beschreibung

Gespeichert in:
Bibliographische Detailangaben
Format: Buch
Sprache:Undetermined
Veröffentlicht: Hà Nội Thanh niên 2016
Schlagworte:
Tags: Tag hinzufügen
Keine Tags, Fügen Sie den ersten Tag hinzu!
Thư viện lưu trữ: Trung tâm Học liệu Trường Đại học Cần Thơ
LEADER 01109nam a2200181Ia 4500
001 CTU_216202
008 210402s9999 xx 000 0 und d
082 |a 363.7394 
082 |b T103 
245 0 |a Tài liệu tuyên truyền về tuần lễ biển và hải đảo Việt Nam và ngày đại dương thế giới 8 tháng 6 
245 0 |c Bộ Giáo dục và Đào tạo 
260 |a Hà Nội 
260 |b Thanh niên 
260 |c 2016 
520 |a Sách giới thiệu về Lịch sử, ý nghĩa của ngày đại dương thế giới và tuần lễ biển, hải đảo Việt nam cùng với các hoạt động và ý nghĩa các hoạt động đó. Bên cạnh đó sách còn giới thiệu về các hoạt động của ngành giáo dục và đào tạo hưởng ứng các hoạt động trên. 
650 |a Bảo tồn tài nguyên biển,Marine resources conservation 
904 |i Khánh Ngân, Linh, Sương 
980 |a Trung tâm Học liệu Trường Đại học Cần Thơ